[Event "COL-ch deaf 2nd"]
[Site "Cali"]
[Date "2008.??.??"]
[Round "4.10"]
[White "Cortes, Angel Maria"]
[Black "Saavedra, Fernando"]
[Result "0-1"]
[WhiteElo "1600"]
[BlackElo "1600"]
[PlyCount "37"]
[EventDate "2008.10.25"]
[EventType "tourn"]
[EventRounds "7"]
[EventCountry "COL"]
[SourceTitle "EXT 2024"]
[Source "ChessBase"]
[SourceDate "2023.10.10"]
[SourceVersion "1"]
[SourceVersionDate "2023.10.10"]
[SourceQuality "1"]

1. e4 e5 2. Bc4 Nf6 3. Qf3 a6 4. d3 h6 5. Qf5 d6 6. Qf3 Nc6 7. c3 b5 8. Bd5 Bb7 9. b4 Nxd5 10. exd5 Ne7 11. c4 g6 12. Qe3 Nf5 13. Qe4 Nd4 14. Na3 Bg7 15. Bb2 Nf5 16. Nf3 0-0 17. 0-0 Qc8 18. Nh4 c6 19. Nxf5 0-1